| 000 | 00487nam a22001937a 4500 | ||
|---|---|---|---|
| 003 | mut | ||
| 005 | 20240606081236.0 | ||
| 008 | 171005b xxu||||| |||| 00| 0 eng d | ||
| 020 | _a0673983595 | ||
| 040 | _cmut | ||
| 050 |
_aHB 172 _b.L72 1997 |
||
| 100 | _aLipsey,Richard G. | ||
| 245 | _aMacroeconomics | ||
| 250 | _a9th Canadian ed. | ||
| 260 |
_aDon Mills, Ontario _bADdison-Wesley, _c1997 |
||
| 700 | _aRagan Christopher, T.S. | ||
| 700 | _aCourant, Paul N. | ||
| 942 |
_2lcc _cBK |
||
| 999 |
_c12839 _d12839 |
||